[Event "4NCL/Div3/GUI3 vs. NWE2"]
[Site "Telford ENG"]
[Date "2003.04.13"]
[Round "8.3"]
[White "Shepley, Julien M"]
[Black "Hughes, Howard R"]
[Result "0-1"]
[WhiteElo "2131"]
[BlackElo "2072"]
[PlyCount "100"]
[EventDate "2003.04.13"]

1. d4 e6 2. Nf3 f5 3. g3 Nf6 4. Bg2 Be7 5. O-O O-O 6. c4 d6 7. b3 Qe8 8. Qc2
Nc6 9. Bb2 Bd8 10. Nbd2 e5 11. dxe5 dxe5 12. e4 f4 13. Qc3 fxg3 14. fxg3 Be7
15. c5 b6 16. b4 Nxb4 17. cxb6 cxb6 18. Qb3+ Kh8 19. Nxe5 Be6 20. Qd1 Nxa2 21.
Ndc4 Nb4 22. Nd6 Qd8 23. Nf5 Qxd1 24. Raxd1 Bc5+ 25. Kh1 Nc2 26. Rd2 Ne3 27.
Nxe3 Bxe3 28. Rd3 Bc5 29. Rfd1 Ng4 30. Nxg4 Bxg4 31. R1d2 Rac8 32. h3 Be6 33.
e5 a5 34. Ba3 b5 35. Bxc5 Rxc5 36. Bd5 Bf5 37. Rf3 g6 38. g4 Rxd5 39. Rxf5 Rxd2
40. Rxf8+ Kg7 41. Rb8 b4 42. g5 Kf7 43. Rb5 a4 44. Rxb4 a3 45. Rb7+ Ke6 46.
Rxh7 a2 47. Ra7 Rd1+ 48. Kg2 a1=Q 49. Rxa1 Rxa1 50. Kg3 Ra3+ 0-1

[Event "4NCL/Div3/GUI3 vs. NWE2"]
[Site "Telford ENG"]
[Date "2003.04.13"]
[Round "8.4"]
[White "Savory, Richard J"]
[Black "Hill, David F"]
[Result "0-1"]
[WhiteElo "2099"]
[BlackElo "2066"]
[PlyCount "80"]
[EventDate "2003.04.13"]

1. e4 e6 2. Nf3 d5 3. e5 c5 4. b4 b6 5. a3 Ne7 6. d4 c4 7. Bg5 h6 8. Bh4 g5 9.
Bg3 Nf5 10. h4 Nxg3 11. fxg3 g4 12. Ng1 h5 13. Ne2 f6 14. exf6 Qxf6 15. Nf4 Bd6
16. Qd2 Nc6 17. c3 Ne7 18. Qf2 Nf5 19. Nd2 Nxg3 20. Qxg3 Qxf4 21. Qxf4 Bxf4 22.
O-O-O Bd7 23. Be2 O-O 24. Rdf1 a5 25. b5 Bxb5 26. Bd1 Bd7 27. Bc2 b5 28. Kd1 b4
29. axb4 axb4 30. cxb4 Ra2 31. Nb1 Rb2 32. Nc3 Rxb4 33. Ne2 Bd6 34. Bg6 e5 35.
dxe5 Ba4+ 36. Kc1 Bxe5 37. Bxh5 c3 38. Rxf8+ Kxf8 39. Bxg4 Rxg4 40. h5 Rxg2 0-1

[Event "4NCL/Div3/GUI3 vs. NWE2"]
[Site "Telford ENG"]
[Date "2003.04.13"]
[Round "8.5"]
[White "Lang, Heather"]
[Black "Dekker, Alain"]
[Result "1-0"]
[WhiteElo "2069"]
[BlackElo "2130"]
[PlyCount "59"]
[EventDate "2003.04.13"]

1. e4 c5 2. Nc3 d6 3. g3 Nf6 4. Bg2 g6 5. d3 Bg7 6. h3 Nc6 7. Be3 Qb6 8. Rb1
Qc7 9. Qd2 h6 10. f4 O-O 11. Nf3 Kh7 12. O-O Bd7 13. g4 Ng8 14. g5 h5 15. f5
Ne5 16. Nd5 Qd8 17. Nh4 c4 18. d4 c3 19. Qe2 cxb2 20. Nf4 Be8 21. dxe5 Bxe5 22.
Nxh5 Rc8 23. fxg6+ fxg6 24. Rxf8 gxh5 25. Qf2 Bg7 26. Qf5+ Kh8 27. Rxe8 Qxe8
28. Ng6+ Kh7 29. Nf8+ Kh8 30. Qh7# 1-0

[Event "4NCL/Div3/GUI3 vs. NWE2"]
[Site "Telford ENG"]
[Date "2003.04.13"]
[Round "8.6"]
[White "McCarthy, Jim"]
[Black "Stimpson, Philip M"]
[Result "1/2-1/2"]
[WhiteElo "2133"]
[BlackElo "1944"]
[PlyCount "28"]
[EventDate "2003.04.13"]

1. d4 Nf6 2. c4 e5 3. dxe5 Ng4 4. Nf3 Nc6 5. Bg5 Be7 6. Bxe7 Qxe7 7. e3 Qb4+ 8.
Qd2 Ngxe5 9. Nxe5 Qxd2+ 10. Nxd2 Nxe5 11. Be2 d6 12. Nf3 Be6 13. b3 Nxf3+ 14.
Bxf3 O-O-O 1/2-1/2

[Event "4NCL/Div3/GUI3 vs. NWE2"]
[Site "Telford ENG"]
[Date "2003.04.13"]
[Round "8.7"]
[White "Allinson, Julian"]
[Black "Clancy, Marc"]
[Result "1-0"]
[WhiteElo "1880"]
[BlackElo "1880"]
[PlyCount "49"]
[EventDate "2003.04.13"]

1. d4 Nf6 2. Nf3 g6 3. c4 Bg7 4. g3 O-O 5. Bg2 d6 6. O-O Nbd7 7. Nc3 e5 8. Qc2
Re8 9. Bd2 Nh5 10. dxe5 dxe5 11. Rad1 c6 12. Ne4 Qc7 13. c5 Ndf6 14. Nd6 Re7
15. b4 Bd7 16. e4 Bg4 17. h3 Bxf3 18. Bxf3 Rd8 19. Qc1 Ne8 20. Bxh5 gxh5 21.
Nf5 Red7 22. Bg5 f6 23. Be3 Rd3 24. Rxd3 Rxd3 25. Qc4+ 1-0

[Event "4NCL/Div3/GUI3 vs. NWE2"]
[Site "Telford ENG"]
[Date "2003.04.13"]
[Round "8.8"]
[White "Bradley, Karen"]
[Black "Coates, Christine"]
[Result "1-0"]
[WhiteElo "1392"]
[BlackElo "1072"]
[PlyCount "31"]
[EventDate "2003.04.13"]

1. e4 e6 2. d4 b6 3. c4 Bb7 4. Bd3 g6 5. Nf3 Bg7 6. Be3 Ne7 7. Qd2 O-O 8. Bh6
f6 9. h4 Kf7 10. Qf4 Bxh6 11. Qxh6 Rh8 12. Qf4 Kg7 13. h5 d6 14. h6+ Kg8 15.
Qxf6 Bc8 16. Qg7# 1-0

[Event "4NCL/Div3/NKN1 vs. WES2"]
[Site "Telford ENG"]
[Date "2003.04.13"]
[Round "8.1"]
[White "Walsh, Chris"]
[Black "Hopkins, Jamie R"]
[Result "1/2-1/2"]
[WhiteElo "2204"]
[BlackElo "2151"]
[PlyCount "34"]
[EventDate "2003.04.13"]

1. e4 c5 2. Nf3 Nc6 3. d4 cxd4 4. Nxd4 Nf6 5. Nc3 e5 6. Ndb5 d6 7. Bg5 a6 8.
Na3 b5 9. Nd5 Be7 10. Bxf6 Bxf6 11. c3 Rb8 12. Nc2 Bg5 13. Be2 O-O 14. O-O a5
15. Nce3 Bxe3 16. Nxe3 Be6 17. Bg4 Qd7 1/2-1/2

[Event "4NCL/Div3/NKN1 vs. WES2"]
[Site "Telford ENG"]
[Date "2003.04.13"]
[Round "8.2"]
[White "Clark, Ian C"]
[Black "Rees, Ioan"]
[Result "0-1"]
[WhiteElo "2113"]
[BlackElo "2106"]
[PlyCount "98"]
[EventDate "2003.04.13"]

1. e4 c5 2. Nf3 d6 3. d4 cxd4 4. Nxd4 Nf6 5. Nc3 a6 6. Be3 e6 7. f3 b5 8. a3
Nbd7 9. g4 Nb6 10. Kf2 Bb7 11. h4 Be7 12. g5 Nfd7 13. Bh3 O-O 14. Bxe6 fxe6 15.
Nxe6 Qc8 16. Nxf8 Qxf8 17. Bxb6 Nxb6 18. Qd4 d5 19. b4 dxe4 20. Nxe4 Nc4 21.
Rae1 Rd8 22. Qc3 Qf4 23. Rh3 Bc8 24. Rg3 Bf5 25. Kg2 Bxe4 26. Rxe4 Rd2+ 27. Kh3
Qf5+ 28. Reg4 Bd6 29. Rg2 Rd1 30. Re2 Ne5 31. Re1 Rxe1 32. Qxe1 Nxg4 33. Qe8+
Bf8 34. fxg4 Qf3+ 35. Kh2 Qxg4 36. Qe5 Qxh4+ 37. Kg1 Qg4+ 38. Kf2 Qd7 39. c3
Qd6 40. Qe8 Qd2+ 41. Kf1 Qd3+ 42. Kg2 Qf5 43. Kh1 Qg6 44. Qe5 h6 45. gxh6 gxh6
46. Qd5+ Kh7 47. Qb7+ Bg7 48. Qc7 Qb1+ 49. Kg2 Qc2+ 0-1

[Event "4NCL/Div3/NKN1 vs. WES2"]
[Site "Telford ENG"]
[Date "2003.04.13"]
[Round "8.3"]
[White "Morris, Gareth"]
[Black "Rutter, Nicholas"]
[Result "1/2-1/2"]
[WhiteElo "2174"]
[BlackElo "2120"]
[PlyCount "100"]
[EventDate "2003.04.13"]

1. d4 d5 2. c4 e6 3. Nc3 c6 4. e3 Nf6 5. Nf3 Nbd7 6. Qc2 Bd6 7. a3 a6 8. e4
dxe4 9. Nxe4 Nxe4 10. Qxe4 Nf6 11. Qc2 O-O 12. Bd3 h6 13. O-O Re8 14. b3 b5 15.
Bb2 Ra7 16. Ne5 Rc7 17. Bc3 Bxe5 18. dxe5 Rd7 19. exf6 Rxd3 20. fxg7 e5 21.
Rae1 e4 22. Re3 Bf5 23. Rfe1 Re6 24. Qe2 Bg6 25. Qg4 Red6 26. h4 Rxe3 27. Rxe3
Bh7 28. Qf4 Re6 29. g4 Qd6 30. Qxd6 Rxd6 31. f3 Rd3 32. Rxd3 exd3 33. Kf2 bxc4
34. bxc4 d2 35. Ke2 Bd3+ 36. Kxd2 Bxc4 37. Ke3 h5 38. gxh5 Bb3 39. h6 Bc2 40.
Kf4 Bd1 41. Ke4 f5+ 42. Ke3 Bb3 43. f4 c5 44. Bf6 Kh7 45. Bg5 Bf7 46. Kd3 Bg8
47. Kc3 Be6 48. Be7 Kxh6 49. Bxc5 Kxg7 50. Kd4 Bb3 1/2-1/2

[Event "4NCL/Div3/NKN1 vs. WES2"]
[Site "Telford ENG"]
[Date "2003.04.13"]
[Round "8.4"]
[White "Tunks, Dominic"]
[Black "Gandy, Andrew"]
[Result "1-0"]
[WhiteElo "2096"]
[BlackElo "2097"]
[PlyCount "89"]
[EventDate "2003.04.13"]

1. e4 c5 2. Nf3 Nc6 3. Bb5 e6 4. O-O Nge7 5. Re1 a6 6. Bf1 d5 7. exd5 Nxd5 8.
d4 cxd4 9. Nxd4 Qc7 10. g3 Nxd4 11. Qxd4 Nf6 12. Nc3 Bc5 13. Qh4 Be7 14. Bf4
Qb6 15. b3 Ne4 16. Be3 Qxe3 17. Qxe7+ Kxe7 18. Rxe3 Nf6 19. Na4 Nd5 20. Re2 Bd7
21. c4 Bxa4 22. bxa4 Nc3 23. Rc2 Nxa4 24. c5 Rhc8 25. Rac1 b5 26. cxb6 Nxb6 27.
Rxc8 Nxc8 28. Rc7+ Kf6 29. Bg2 Rb8 30. Rb7 Rxb7 31. Bxb7 Nd6 32. Bxa6 Ke5 33.
Bd3 h6 34. Kf1 Kd4 35. Ke2 Kc3 36. Ke3 Kb4 37. Kd4 Ka3 38. Kc5 Ne8 39. Bc4 Nf6
40. f3 Ne8 41. Kc6 g5 42. Kd7 Ng7 43. g4 h5 44. h3 hxg4 45. hxg4 1-0

[Event "4NCL/Div3/NKN1 vs. WES2"]
[Site "Telford ENG"]
[Date "2003.04.13"]
[Round "8.5"]
[White "Powell, Annie"]
[Black "Gregory, Keith D"]
[Result "0-1"]
[WhiteElo "2034"]
[BlackElo "2032"]
[PlyCount "52"]
[EventDate "2003.04.13"]

1. e4 g6 2. d4 d6 3. Nc3 c6 4. Be3 Bg7 5. Nf3 b5 6. Bd3 Bb7 7. a3 Nd7 8. O-O a6
9. Ne2 c5 10. c3 Ngf6 11. e5 Nd5 12. exd6 Nxe3 13. fxe3 exd6 14. Nf4 O-O 15. a4
Qe7 16. Re1 c4 17. Bc2 Nf6 18. d5 Qc7 19. e4 Rfe8 20. Nd4 Qc5 21. axb5 axb5 22.
Qf3 Rxa1 23. Rxa1 Nxe4 24. Bxe4 Bxd4+ 25. Kh1 Be5 26. g3 Bxf4 0-1

[Event "4NCL/Div3/NKN1 vs. WES2"]
[Site "Telford ENG"]
[Date "2003.04.13"]
[Round "8.6"]
[White "Pleasants, Allan J"]
[Black "Davis, Lee"]
[Result "1/2-1/2"]
[WhiteElo "2000"]
[BlackElo "2002"]
[PlyCount "76"]
[EventDate "2003.04.13"]

1. g3 g6 2. Bg2 Bg7 3. Nc3 Nf6 4. e4 d6 5. d3 c5 6. Nge2 Nc6 7. O-O O-O 8. Bg5
Rb8 9. a4 a6 10. Nd5 Nxd5 11. exd5 Ne5 12. Qd2 Bh3 13. f3 Bxg2 14. Kxg2 Nd7 15.
Nc3 Nf6 16. Rfe1 Qd7 17. Bh6 b5 18. Bxg7 Kxg7 19. axb5 axb5 20. d4 c4 21. Ra5
b4 22. Ne4 Qc7 23. Rea1 Nxe4 24. fxe4 c3 25. bxc3 bxc3 26. Qd3 Rfc8 27. Ra7 Rb7
28. Rxb7 Qxb7 29. Ra3 Qb2 30. Ra7 Qc1 31. Qe2 Qd2 32. Qf2 Kf8 33. Ra1 Rc4 34.
Qxd2 cxd2 35. Rd1 Rxc2 36. Kf2 e6 37. dxe6 fxe6 38. Ke2 Ke7 1/2-1/2

[Event "4NCL/Div3/NKN1 vs. WES2"]
[Site "Telford ENG"]
[Date "2003.04.13"]
[Round "8.7"]
[White "Ralphs, Nigel"]
[Black "Sigurdsson, Johann H"]
[Result "1/2-1/2"]
[WhiteElo "1931"]
[BlackElo "2032"]
[PlyCount "40"]
[EventDate "2003.04.13"]

1. d4 Nf6 2. c4 e5 3. dxe5 Ne4 4. Nd2 Bb4 5. Ngf3 Nc6 6. e3 Qe7 7. Be2 Nxe5 8.
O-O Nxd2 9. Bxd2 Bxd2 10. Qxd2 d6 11. Nd4 Bd7 12. Nb5 Be6 13. b3 g6 14. Nc3 c6
15. Rad1 O-O-O 16. Qd4 c5 17. Qd2 a6 18. Nd5 Bxd5 19. Qxd5 Qe6 20. Bf3 Qxd5
1/2-1/2

[Event "4NCL/Div3/NKN1 vs. WES2"]
[Site "Telford ENG"]
[Date "2003.04.13"]
[Round "8.8"]
[White "Norman, Dinah"]
[Black "Sinnett, Glyn"]
[Result "1/2-1/2"]
[WhiteElo "2021"]
[BlackElo "1939"]
[PlyCount "32"]
[EventDate "2003.04.13"]

1. d4 d5 2. Nf3 c6 3. Bf4 Nf6 4. h3 Bf5 5. c3 Qb6 6. Qb3 Nbd7 7. Nbd2 e6 8. e3
Be7 9. Be2 h6 10. Ne5 Qxb3 11. axb3 Nxe5 12. Bxe5 O-O 13. b4 Rfd8 14. O-O Bd6
15. Nf3 Bxe5 16. Nxe5 a6 1/2-1/2

[Event "4NCL/Div3/SLO2 vs. MIN"]
[Site "Telford ENG"]
[Date "2003.04.13"]
[Round "8.1"]
[White "Richmond, Robert J"]
[Black "Moss, Robin"]
[Result "1/2-1/2"]
[WhiteElo "2219"]
[BlackElo "2300"]
[PlyCount "65"]
[EventDate "2003.04.13"]

1. d4 d6 2. Nf3 Bg4 3. e4 Nf6 4. Nc3 Nc6 5. Be2 e6 6. h3 Bh5 7. O-O Be7 8. d5
exd5 9. exd5 Bxf3 10. Bxf3 Ne5 11. Be2 O-O 12. Be3 a6 13. a4 Nfd7 14. Qd2 Ng6
15. b3 Bf6 16. Rae1 Re8 17. Bd4 Bxd4 18. Qxd4 Qf6 19. Qxf6 Nxf6 20. f4 Re3 21.
Nd1 Re7 22. f5 Nf8 23. Bf3 Rae8 24. Kf2 Rxe1 25. Rxe1 Rxe1 26. Kxe1 N8d7 27.
Kf2 a5 28. Nc3 Nc5 29. Ke3 g5 30. fxg6 fxg6 31. Kd4 b6 32. Nb5 Ne8 33. Bg4
1/2-1/2

[Event "4NCL/Div3/SLO2 vs. MIN"]
[Site "Telford ENG"]
[Date "2003.04.13"]
[Round "8.2"]
[White "Kenworthy, Gary"]
[Black "de Coverly, Roger"]
[Result "1/2-1/2"]
[WhiteElo "2259"]
[BlackElo "2091"]
[PlyCount "49"]
[EventDate "2003.04.13"]

1. c4 Nf6 2. g3 g6 3. Bg2 Bg7 4. Nc3 d6 5. e4 c5 6. Nge2 Nc6 7. O-O O-O 8. d3
Bd7 9. Rb1 a5 10. h3 Ne8 11. g4 Nc7 12. f4 Ne6 13. f5 Ned4 14. Nxd4 Nxd4 15.
Nd5 Bc6 16. Bg5 Bxd5 17. exd5 h6 18. Bh4 g5 19. Bg3 Bf6 20. Be4 Kg7 21. Kg2 a4
22. Rh1 b5 23. h4 Rh8 24. Qd2 Qa5 25. Qf2 1/2-1/2

[Event "4NCL/Div3/SLO2 vs. MIN"]
[Site "Telford ENG"]
[Date "2003.04.13"]
[Round "8.3"]
[White "Purton, Ben"]
[Black "Hardman, Michael J"]
[Result "1/2-1/2"]
[WhiteElo "2062"]
[BlackElo "2135"]
[PlyCount "55"]
[EventDate "2003.04.13"]

1. d4 Nf6 2. Nf3 d5 3. e3 e6 4. Bd3 c5 5. b3 Nc6 6. a3 a6 7. O-O b5 8. dxc5
Bxc5 9. Bb2 Bb7 10. Nbd2 Rc8 11. Qe2 Be7 12. c4 bxc4 13. bxc4 dxc4 14. Nxc4 O-O
15. Rfd1 Qc7 16. Rac1 Nd5 17. Nce5 Qa5 18. Nxc6 Rxc6 19. Rxc6 Bxc6 20. Bxh7+
Kxh7 21. Qc2+ Kg8 22. Qxc6 Rb8 23. Be5 Rf8 24. h3 Qb5 25. Qxb5 axb5 26. Rb1 f6
27. Bg3 Nc3 28. Rb3 1/2-1/2

[Event "4NCL/Div3/SLO2 vs. MIN"]
[Site "Telford ENG"]
[Date "2003.04.13"]
[Round "8.4"]
[White "Parker, Robert"]
[Black "McAvoy, Paul"]
[Result "1-0"]
[WhiteElo "2115"]
[BlackElo "2040"]
[PlyCount "127"]
[EventDate "2003.04.13"]

1. d4 Nf6 2. c4 g6 3. Nc3 d5 4. cxd5 Nxd5 5. e4 Nxc3 6. bxc3 Bg7 7. Bc4 c5 8.
Be3 Nc6 9. Ne2 O-O 10. Rb1 Qc7 11. O-O cxd4 12. cxd4 Nxd4 13. Bxf7+ Rxf7 14.
Nxd4 Bd7 15. Qb3 Bxd4 16. Bxd4 e5 17. Be3 Bc6 18. f3 Kg7 19. Rfd1 h6 20. Rd2
Rd7 21. Rbd1 Rad8 22. Qc3 Rxd2 23. Rxd2 Rxd2 24. Qxd2 h5 25. h4 Qe7 26. Bg5 Qd7
{=} 27. Qa5 b5 28. Be3 a6 29. Qxa6 Qd1+ 30. Kh2 Qd7 31. Qb6 Kf7 32. Qb8 Qe8 33.
Qb6 Qd7 34. Bg5 Ke6 35. Qb8 Qb7 36. Qd8 Qf7 37. a3 Qe8 38. Qf6+ Kd7 39. Bd2 Qe7
40. Qxg6 Qxh4+ 41. Kg1 Qe7 42. Bb4 Qe6 43. Qxh5 Bb7 44. Qg5 Qb6+ 45. Kh2 Qe6
46. Bc3 Kd6 47. g4 Qa2+ 48. Qd2+ Qxd2+ 49. Bxd2 Bc6 50. Kg3 Ke6 51. Kh4 Kf6 52.
Kh5 Kf7 53. Kh6 Kg8 54. Bc3 Bd7 55. Bxe5 Be6 56. Kg5 Kf7 57. f4 Bc4 58. f5 Be2
59. Kf4 Bd1 60. g5 Kg8 61. Bc3 Be2 62. g6 Bd3 63. f6 Bc4 64. Bb4 1-0

[Event "4NCL/Div3/SLO2 vs. MIN"]
[Site "Telford ENG"]
[Date "2003.04.13"]
[Round "8.5"]
[White "Harborne, Matthew"]
[Black "Hawkins, J Nick"]
[Result "1-0"]
[WhiteElo "2081"]
[BlackElo "2063"]
[PlyCount "74"]
[EventDate "2003.04.13"]

1. e4 c5 2. c3 d5 3. exd5 Qxd5 4. d4 e5 5. dxe5 Qxe5+ 6. Be2 Be6 7. Nf3 Qd5 8.
O-O Qxd1 9. Rxd1 Be7 10. Bf4 Nf6 11. Nbd2 O-O 12. Nc4 Nd5 13. Bg3 Rd8 14. Nfe5
f6 15. Nf3 Nc6 {=} 16. Nfd2 b5 17. Na3 a6 18. c4 Nd4 19. Bf1 bxc4 20. Bxc4 Ra7
21. Nb3 Nf5 22. Rac1 Nxg3 {=} 23. hxg3 Bf7 24. Nb1 a5 25. Nc3 Nxc3 26. Rxd8+
Bxd8 27. Bxf7+ Kxf7 28. Rxc3 Be7 29. Nxc5 Rc7 30. Nb3 Rxc3 31. bxc3 Ke6 32. Kf1
Kd5 33. Nxa5 Bd8 34. c4+ Ke4 35. Nc6 Bb6 36. Ke2 g5 37. a4 Bc5 1-0

[Event "4NCL/Div3/SLO2 vs. MIN"]
[Site "Telford ENG"]
[Date "2003.04.13"]
[Round "8.6"]
[White "Twitchell, Neville H"]
[Black "Vaddadi, Seshagiri"]
[Result "0-1"]
[WhiteElo "2013"]
[BlackElo "2042"]
[PlyCount "54"]
[EventDate "2003.04.13"]

1. e4 c5 2. Nc3 e6 3. g3 d5 4. exd5 exd5 5. d4 Nf6 6. Bg2 Bg4 7. f3 Be6 8. Nge2
Nc6 9. Be3 b6 10. Qd2 Rc8 11. a3 Be7 12. O-O O-O 13. f4 Qd7 14. Rad1 Rcd8 15.
Kh1 Bh3 16. Bg1 Rfe8 17. Bxh3 Qxh3 18. f5 Ne4 19. Nxe4 dxe4 20. d5 Nd4 21. Nf4
Qxf5 22. Bxd4 cxd4 23. Ne6 Qxd5 24. Nxd4 e3+ 25. Qg2 e2 26. Nxe2 Qxd1 27. Rxd1
Rxd1+ 0-1

[Event "4NCL/Div3/SLO2 vs. MIN"]
[Site "Telford ENG"]
[Date "2003.04.13"]
[Round "8.7"]
[White "Nicholas, Koichi"]
[Black "Meynell, Alexander F"]
[Result "1-0"]
[WhiteElo "2080"]
[BlackElo "1792"]
[PlyCount "43"]
[EventDate "2003.04.13"]

1. e4 e5 2. Nf3 Nf6 3. Nxe5 d6 4. Nxf7 Kxf7 5. d4 Qe8 6. Nc3 d5 7. e5 Bb4 8.
Bd3 Bg4 9. f3 Bxc3+ 10. bxc3 Bh5 11. O-O Ng8 12. Qe1 Bg6 13. f4 Bxd3 14. cxd3
Qb5 15. Qg3 Ne7 16. f5 Qc6 17. e6+ Kf8 18. Ba3 Na6 19. f6 gxf6 20. Rxf6+ Ke8
21. Qg7 Ng6 22. Qxh8+ 1-0

[Event "4NCL/Div3/SLO2 vs. MIN"]
[Site "Telford ENG"]
[Date "2003.04.13"]
[Round "8.8"]
[White "Hegarty, Sarah N"]
[Black "Houska, Karla"]
[Result "1-0"]
[WhiteElo "1870"]
[BlackElo "1112"]
[PlyCount "97"]
[EventDate "2003.04.13"]

1. e4 d5 2. exd5 Qxd5 3. Nc3 Qa5 4. d4 c6 5. Bc4 Nf6 6. Bd2 Bf5 7. Nf3 e6 8.
O-O Qc7 9. h3 Bd6 10. Re1 Nbd7 11. a3 h6 12. Rc1 Rg8 13. Qe2 g5 14. g4 Nxg4 15.
hxg4 Bxg4 16. Kg2 Bxf3+ 17. Kxf3 g4+ 18. Kg2 h5 19. Bxe6 O-O-O 20. Bxf7 Rh8 21.
Rh1 Bf4 22. Rxh5 Bxd2 23. Qxd2 Rxh5 {=} 24. Bxh5 Rg8 25. Bf7 Rg7 26. Qe3 Nf6
27. Be6+ Kb8 28. Qe5 Qxe5 29. dxe5 Re7 30. exf6 Rxe6 31. Rd1 Rxf6 32. Rd2 Rf5
33. Kg3 Kc7 34. Kxg4 Rf7 35. f4 b5 36. Kg5 a5 37. f5 Kb6 38. Kg6 Rf8 39. f6 b4
40. axb4 axb4 41. Ne4 Kb5 42. Kg7 Rb8 43. f7 c5 44. Nd6+ Ka4 45. Ne8 b3 46.
cxb3+ Kxb3 47. f8=Q Rb7+ 48. Kg8 c4 49. Qa3# 1-0

[Event "4NCL/Div3/BRI2 vs. SCS"]
[Site "Telford ENG"]
[Date "2003.04.13"]
[Round "8.1"]
[White "Rudd, Jack"]
[Black "Dickinson, Timothy R"]
[Result "1-0"]
[WhiteElo "2171"]
[BlackElo "2188"]
[PlyCount "27"]
[EventDate "2003.04.13"]

1. e4 c6 2. d3 d5 3. Nd2 e5 4. Ngf3 Bd6 5. g3 f5 6. Bg2 Nf6 7. O-O O-O 8. c3
fxe4 9. dxe4 Bg4 10. Qc2 Nxe4 11. Nxe4 dxe4 12. Ng5 Qc7 13. Bxe4 h6 14. Bd5+
1-0

[Event "4NCL/Div3/BRI2 vs. SCS"]
[Site "Telford ENG"]
[Date "2003.04.13"]
[Round "8.2"]
[White "Heaton, Robert"]
[Black "Dilleigh, Stephen P"]
[Result "0-1"]
[WhiteElo "2132"]
[BlackElo "2158"]
[PlyCount "94"]
[EventDate "2003.04.13"]

1. d4 d6 2. e4 Nf6 3. Bd3 e5 4. d5 g6 5. Ne2 Bg7 6. Nd2 O-O 7. f3 c6 8. c4 a5
9. Nf1 Na6 10. g4 cxd5 11. cxd5 Nc5 12. Be3 Nxd3+ 13. Qxd3 Bd7 14. Nfg3 b5 15.
h4 Qb8 16. h5 Rc8 17. hxg6 fxg6 18. Kf2 Rf8 19. Kg2 Rf7 20. Rh4 Qb7 21. Rah1
Bh8 22. g5 Ne8 23. Nf1 b4 24. Nh2 Qb5 25. Qxb5 Bxb5 26. Ng3 Rc7 27. Ng4 Rc2+
28. Bf2 Rxb2 29. Rxh7 Bg7 30. Nf5 gxf5 31. exf5 Bd3 32. g6 Ra7 33. Kg3 Rxf2 34.
Kxf2 Rc7 35. Nh6+ Kf8 36. Ke3 Rc3 37. Kd2 Nf6 38. Ng4 Nxh7 39. gxh7 Bh8 40. Ne3
Kg7 41. Rh5 Bb1 42. Ng4 Rxf3 43. f6+ Kf7 44. Rxe5 dxe5 45. Nxe5+ Kxf6 46. Nxf3
Bxa2 47. d6 Ke6 0-1

[Event "4NCL/Div3/BRI2 vs. SCS"]
[Site "Telford ENG"]
[Date "2003.04.13"]
[Round "8.3"]
[White "Curtis, John"]
[Black "Lutton, E Josiah"]
[Result "1-0"]
[WhiteElo "2143"]
[BlackElo "2032"]
[PlyCount "101"]
[EventDate "2003.04.13"]

1. d4 e6 2. Nd2 b6 3. e4 Bb7 4. Ngf3 c5 5. c3 d6 6. Bd3 Nf6 7. O-O Nbd7 8. Qe2
Be7 9. e5 dxe5 10. dxe5 Nd5 11. Ne4 Qc7 12. Ng3 h6 13. a3 Bg5 14. Nxg5 hxg5 15.
Bxg5 Nxe5 16. Bb5+ Bc6 17. Rad1 f6 18. Bxc6+ Qxc6 19. c4 Nxc4 20. Qxc4 fxg5 21.
Ne4 Rh5 22. b4 Rc8 23. bxc5 bxc5 24. Rfe1 Kf7 25. Qe2 g6 26. Qg4 Re8 27. Nxg5+
Kf6 28. h4 Re7 29. Qf3+ Kg7 30. Rxd5 Qxd5 31. Qxd5 exd5 32. Rxe7+ Kf6 33. Rxa7
Rxh4 34. Nf3 Rc4 35. Kf1 Rc2 36. Rd7 d4 37. Ke1 Ke6 38. Rd8 Ke7 39. Rc8 d3 40.
Nd2 Ke6 41. Kd1 Ke5 42. Rd8 c4 43. Nxc4+ Rxc4 44. Rxd3 g5 45. Kd2 g4 46. Re3+
Kf4 47. Rb3 Rc5 48. Rb4+ Kg5 49. a4 Rc6 50. a5 Ra6 51. Ra4 1-0

[Event "4NCL/Div3/BRI2 vs. SCS"]
[Site "Telford ENG"]
[Date "2003.04.13"]
[Round "8.4"]
[White "Partington, Anna G"]
[Black "Easton, Alex"]
[Result "0-1"]
[WhiteElo "2058"]
[BlackElo "2123"]
[PlyCount "110"]
[EventDate "2003.04.13"]

1. d4 Nf6 2. Nf3 g6 3. Nc3 d5 4. Bf4 Bg7 5. e3 c6 6. Be2 Bg4 7. h3 Bxf3 8. Bxf3
Nbd7 9. g4 O-O 10. h4 Qa5 11. g5 Ne4 12. Bxe4 dxe4 13. Kf1 Qf5 14. Ne2 e5 15.
dxe5 Nxe5 16. Nd4 Qd7 17. Bxe5 Bxe5 18. c3 Rad8 19. Qe2 c5 20. Nb3 b6 21. Kg2
Qd3 22. Qxd3 Rxd3 23. Rhd1 Rfd8 24. Rxd3 Rxd3 25. Re1 Kg7 26. Re2 f5 27. Rd2 c4
28. Rxd3 exd3 29. Nd2 b5 30. a3 Kf7 31. f4 Bg7 32. Kf3 Ke6 33. e4 fxe4+ 34.
Kxe4 Kd6 35. Ke3 Kd5 36. Nf1 a5 37. Ng3 b4 38. axb4 axb4 39. Kd2 bxc3+ 40. bxc3
Bf8 41. f5 Bd6 42. fxg6 hxg6 43. Nh1 Bf4+ 44. Kd1 Ke4 45. Nf2+ Kf5 46. Nh1 Kg4
47. Nf2+ Kxh4 48. Ne4 Kg4 49. Nf6+ Kxg5 50. Nd5 Kf5 51. Nb6 g5 52. Nxc4 g4 53.
Nb2 Ke4 54. Ke1 g3 55. c4 Kf3 0-1

[Event "4NCL/Div3/BRI2 vs. SCS"]
[Site "Telford ENG"]
[Date "2003.04.13"]
[Round "8.5"]
[White "Ponter, Ian"]
[Black "Hawrami, Khidir"]
[Result "1-0"]
[WhiteElo "2103"]
[BlackElo "1800"]
[PlyCount "125"]
[EventDate "2003.04.13"]

1. e4 c5 2. c3 d5 3. exd5 Qxd5 4. d4 Nf6 5. Nf3 Bg4 6. Be2 Nc6 7. h3 Bh5 8. c4
Qd6 9. d5 Bxf3 10. Bxf3 Nd4 11. O-O g6 12. Be3 Nxf3+ 13. Qxf3 Bg7 14. Nc3 O-O
15. Nb5 Qb6 16. b4 Nd7 17. Rab1 a6 18. Na3 Qc7 19. b5 b6 20. Rfe1 Rfe8 21. Re2
e6 22. dxe6 fxe6 23. bxa6 Rxa6 24. Nb5 Qb8 25. Bf4 Be5 26. Bxe5 Nxe5 27. Qe4
Nf7 28. Rd1 e5 29. Rdd2 Ra4 30. Nc3 Ra3 31. Nd5 Kg7 32. Qh4 Qd8 33. Qxd8 Rxd8
34. Nxb6 Rxd2 35. Rxd2 Rc3 {=} 36. Rd5 Ra3 37. Nd7 Rc3 38. Rxc5 Ra3 39. Nxe5
Nxe5 40. Rxe5 Rxa2 41. g3 Rc2 42. Re4 Kf6 43. Kg2 Kg7 44. Kf3 Kf6 45. Ke3 Kg7
46. Rf4 g5 47. Rd4 h6 48. f4 Rc3+ 49. Kf2 Rc2+ 50. Kf3 Rc3+ 51. Kg4 gxf4 52.
gxf4 Kg6 53. f5+ Kg7 54. h4 Rc1 55. Kf4 Rf1+ 56. Ke5 Re1+ 57. Kd6 Kf6 58. Rd5
Rh1 59. c5 Rxh4 60. c6 Rc4 61. c7 h5 62. Rc5 Rd4+ 63. Kc6 1-0

[Event "4NCL/Div3/BRI2 vs. SCS"]
[Site "Telford ENG"]
[Date "2003.04.13"]
[Round "8.6"]
[White "Bland, David"]
[Black "Humphreys, Jerry"]
[Result "0-1"]
[WhiteElo "1712"]
[BlackElo "2066"]
[PlyCount "66"]
[EventDate "2003.04.13"]

1. d4 Nf6 2. Nf3 g6 3. Nc3 d5 4. Bf4 Bg7 5. e3 O-O 6. Be2 Bg4 7. h3 Bxf3 8.
Bxf3 e6 9. Nb5 Ne8 10. c4 c6 11. Nc3 dxc4 12. Qe2 Nd7 13. Qxc4 e5 14. dxe5 {=}
Nxe5 15. Bxe5 Bxe5 16. O-O Nd6 17. Qb3 Qh4 18. Qa4 Qxa4 19. Nxa4 Nc4 20. Nc5
Bxb2 21. Rab1 Ba3 22. Nd7 Rfd8 23. Rxb7 Na5 24. Rfb1 Nxb7 25. Rxb7 Bd6 26. e4
Rac8 27. Bg4 Rc7 28. Nc5 Re7 29. Rxe7 Bxe7 30. Nb3 Bb4 31. Be2 a5 32. a4 Bc3
33. g3 Rb8 0-1

[Event "4NCL/Div3/BRI2 vs. SCS"]
[Site "Telford ENG"]
[Date "2003.04.13"]
[Round "8.7"]
[White "Buckley, Samuel B"]
[Black "Hawrami, Dana"]
[Result "0-1"]
[WhiteElo "2032"]
[BlackElo "1712"]
[PlyCount "114"]
[EventDate "2003.04.13"]

1. e4 c5 2. Nf3 d6 3. d4 cxd4 4. Nxd4 Nf6 5. Nc3 a6 6. f3 e5 7. Nb3 Be6 8. Be3
Be7 9. Qd2 Nbd7 10. g4 h6 11. h4 b5 12. Nd5 Bxd5 13. exd5 Nb6 14. Bxb6 Qxb6 15.
O-O-O a5 16. Bh3 a4 17. Na1 Nd7 18. a3 Bxh4 19. Kb1 Bg5 20. Qb4 Rc8 21. Bf1 Rb8
22. Bd3 Nc5 23. Rhe1 O-O 24. Rh1 Nxd3 25. Rxd3 Rbc8 26. Qe1 Rc4 27. c3 Re8 28.
Nc2 Qd8 29. Ne3 e4 30. Nxc4 exd3 31. Qg3 bxc4 32. f4 Bf6 33. g5 hxg5 34. Qh3
Kf8 35. fxg5 Be5 36. g6 fxg6 37. Qg4 Kf7 38. Qxc4 d2 39. Qxa4 Bg3 40. Rd1 Re1
41. Kc2 Rxd1 42. Kxd1 Be1 43. b4 Qh4 44. Qa7+ Kg8 45. Qe3 Qc4 46. Qe6+ Kh7 47.
Qh3+ Bh4 48. Kxd2 Qxd5+ 49. Kc2 Qf5+ 50. Qxf5 gxf5 51. a4 Bf2 52. a5 g5 53. Kd3
g4 54. b5 f4 55. Ke4 f3 56. Kf4 Bc5 57. Kg3 Kg6 0-1